| 000 -ლიდერი |
| ფიქსირებული სიგრძის საკონტროლო ველი |
01264nam a2200265Ia 4500 |
| 001 - საკონტროლო ნომერი |
| საკონტროლო ველი |
6741 |
| 003 - საკონტროლო ნომრის იდენტიფიკატორი |
| საკონტროლო ველი |
GE_BSU |
| 005 - ბოლო ოპერაციის თარიღი და დრო |
| საკონტროლო ველი |
20191227114542.0 |
| 008 - ფიქსირებული სიგრძის მონაცემთა ელემენტები - ზოგადი ინფორმაცია |
| ფიქსირებული სიგრძის საკონტროლო ველი |
181216s1986||||ge |||||||||||||| ||geo|| |
| 040 ## - კატალოგიზაციის წყარო |
| Transcribing agency |
GE_BSU |
| 041 ## - ენის კოდი |
| Language code of text/sound track or separate title |
geo |
| 080 ## - უნივერსალური ათობითი კლასიფიკაციის ინდექსი |
| Universal Decimal Classification number |
821.353.1-31 გ-45 |
| 100 ## - მთავარი ჩანაწერი - პიროვნების სახელი |
| Personal name |
გვეტაძე, რაჟდენ. |
| 9 (RLIN) |
5973 |
| 245 ## - ცნობა სათაურის შესახებ |
| Title |
თეო; ჭიაკოკონა; ლაშაური საღამოები : |
| Remainder of title |
სამი რომანი / |
| Statement of responsibility, etc |
რაჟდენ გვეტაძე ; შემდგ. რედ. გ. გვერდწითელი, გ.ფანჯიკიძე ; რედ. ლ. არაბიძე. |
| 264 ## - წარმოების, გამოცემის, დისტრიბუციის და სხვა ცნობები |
| გამოცემის, წარმოების, დისტრიბუციის... ადგილი |
თბილისი : |
| გამოცემის, წარმოების, დისტრიბუციის... სახელწოდება |
მერანი, |
| გამოცემის, წარმოების, დისტრიბუციის... თარიღი |
1986. |
| 300 ## - ფიზიკური აღწერა |
| Extent |
389 გვ. ; |
| Dimensions |
20 სმ. |
| 653 ## - INDEX TERM--UNCONTROLLED |
| Uncontrolled term |
თეო |
| 653 ## - INDEX TERM--UNCONTROLLED |
| Uncontrolled term |
ჭიაკოკონა |
| 653 ## - INDEX TERM--UNCONTROLLED |
| Uncontrolled term |
ლაშაური საღამოები |
| 653 ## - INDEX TERM--UNCONTROLLED |
| Uncontrolled term |
რომანი |
| 700 ## - ADDED ENTRY--PERSONAL NAME |
| Personal name |
გვერდწითელი, გ. |
| Relator term |
შემდგენელ რედაქტორი |
| 9 (RLIN) |
3669 |
| 700 ## - ADDED ENTRY--PERSONAL NAME |
| Personal name |
გ.ფანჯიკიძე, |
| Relator term |
შემდგენელ რედაქტორი |
| 9 (RLIN) |
5983 |
| 700 ## - ADDED ENTRY--PERSONAL NAME |
| Personal name |
არაბიძე, ლ. |
| Relator term |
რედაქტორი |
| 9 (RLIN) |
4164 |
| 942 ## - ADDED ENTRY ELEMENTS (KOHA) |
| Koha item type |
წიგნი |
| Source of classification or shelving scheme |
|